| 000 | 00734nam a2200217 a 4500 | ||
|---|---|---|---|
| 001 | 44083 | ||
| 005 | 20180714022824.0 | ||
| 008 | 140415s2001 sp 000 0 spa d | ||
| 020 | _a9688871958 | ||
| 041 | _aspa | ||
| 082 |
_a720.22 _bKNO |
||
| 100 | 1 | _aKNOLL, WOLFGANG | |
| 245 | 1 | 0 | _aMAQUETAS DE ARQUITECTURA |
| 250 | _a5ed. | ||
| 260 |
_aESPAÑA : _bEDICIONES G. GILI, _c2001 |
||
| 300 |
_a128 _cx 21 x 27 |
||
| 520 | _aLA ARQUITECTURA NO SOLO SE GENERA A PARTIR DE DIBUJOS Y MAQUETAS. LAS MAQUETAS COMPLEMENTAN LOS DIBUJOS Y SE RIGEN POR SUS PROPIAS LEYES FORMALES | ||
| 650 | 1 | 4 | _aMAQUETAS (ARQUITECTURA) |
| 740 | _aarchitektur - modelle anregungen zu ihrem bau | ||
| 700 | 1 |
_aHECHINGER, MARTIN _ecoaut. |
|
| 999 |
_c44083 _d44083 |
||